000 00570nam a2200181Ia 4500
008 090123s9999 xx 000 0 und d
082 _b3825
100 _aपरांडे उषा
245 _aनवी गाडी नवे स्टेशन
250 _a1
260 _bसुलभ मु.
_c1974
300 _a223
600 _aपरांडे उषा
630 _aनवी गाडी नवे स्टेशन
700 _aपरांडे उषा
730 _aनवी गाडी नवे स्टेशन
942 _cBOOK
999 _c41901
_d41901